| 000 | 01707nem0a2200397 4500 | ||
|---|---|---|---|
| 001 | RU\NLR\cart\9275 | ||
| 005 | 20250614031429.0 | ||
| 035 | _a(NLR Aleph) 010296848 | ||
| 090 |
_a10574260 _c10574260 |
||
| 100 | _a20140311d1914 |||y0rusy50 ca | ||
| 101 | 0 | _arus | |
| 102 | _aRU | ||
| 120 | _abyy xx|| | ||
| 123 | 1 |
_aa _b2520000 |
|
| 135 | _acrcn 024anaba | ||
| 200 | 1 |
_aКарта южнаго театра войны _bКарты |
|
| 206 | _a[1:2 520 000, 25,2 км в 1 см], Граф. м-б в верстах | ||
| 210 |
_aПетроград _cкартогр. зав. А. Ильина, _d[1914?] |
||
| 215 |
_a1 к _cцв. _d68х94 см |
||
| 300 | _aРукопис. пометы | ||
| 325 | 1 | _aКопия доступна в электронной библиотеке РНБ | |
| 325 | _aКопия доступна в Электрон. б-ке РНБ http://vivaldi.nlr.ru/cm000010147/view | ||
| 509 | 0 | 1 |
_7ca _aЧерноморские страны _92635371 _3RU\NLR\auth_crt\552204 |
| 606 | 0 |
_aТеатры военных действий _92178135 _3RU\NLR\auth_crt\66189 |
|
| 606 | 0 |
_aПолитико-административные _92178088 _3RU\NLR\auth_crt\66170 |
|
| 620 |
_aРоссия _d. |
||
| 801 | 0 |
_aRU _bNLR _c20140311 _gPSBO |
|
| 852 |
_aNLR _bК _j3-ПерАз 4/5 _m6673 |
||
| 942 | _cMAP | ||
| 980 | _aNB | ||
| 980 | _aCRT_W14 | ||
| 981 | 2 | 2 |
_a(22) Материалы по истории России _b(22) Первая мировая война |
| 981 | 2 | 2 |
_a(22) Материалы по истории России _b(22) Карты |
| 981 | 1 | 9 | _a(19) Картографические материалы |